000 04218nab a2200361 i 4500
003 BR-BrBNA
005 20250729115952.0
008 250729b2023 bl.mr|pooa||| 00| 0 eng |
040 _aBR-BrBNA
_beng
072 _aF01
_b1660
072 _aF61
100 _aVendruscolo, Eduardo P.
100 _aSeron, Cássio de C.
100 _aLeonel, Eduardo A. S.
100 _aLima, Sebastião F. de
100 _aAraujo, Suleiman L.
100 _aMartins, Murilo B.
100 _aSant’ Ana, Gabriela R.
100 _aOliveira, Janaina J. de
245 _aDo vitamins affect the morphophysiology of lettuce in a hydroponic system?
500 _aPublicação on-line; 21 ref.; 3 illus; 2 tables; Sumaries (En, Pt)
520 _a ABSTRACT: Technologies once applied exclusively in conventional systems have maximized gains in hydroponic systems; however, they still need information for proper use. Thus, the study aimed to evaluate the effect of foliar application of thiamine and niacin on growth and gas exchange activities in two lettuce cultivars in an ebb and flow hydroponic system. The completely randomized design (CRD) was used with four treatments and eight replications. The treatments were as follows: T1 - control, T2 - thiamine at a concentration of 200 mg L-1, T3 - niacin at 200 mg L-1, and T4 - thiamine and niacin combined at 100 mg L-1 of each vitamin. Each experimental plot consisted of a lettuce plant. The combined application of thiamine and niacin stood out, increasing the activity of gas exchange of lettuce plants and increasing by about 30% the fresh mass, concerning the control, for both cultivars, followed by the isolated application of niacin. For thiamine, the application alone did not result in significant changes. The vitamins affect the morphophysiology of lettuce, where the use of niacin has the potential for use in hydroponic production systems. Its combined use with thiamine increases this potential, with a synergistic effect between the compounds being verified. Key words: Lactuca sativa L., biostimulant, gas exchange, soilless cultivation
520 _a RESUMO: Tecnologias outrora aplicadas exclusivamente em sistemas convencionais, têm maximizado os ganhos em sistemas hidropônicos, porém, necessitando ainda de informações para uma adequada utilização. Assim, o estudo teve como objetivo avaliar o efeito da aplicação foliar de tiamina e niacina sobre o crescimento e atividades de troca gasosa em duas cultivares de alface em sistema hidropônico de fluxo e refluxo. O delineamento experimental utilizado foi o inteiramente casualizado (DIC), com quatro tratamentos e oito repetições. Os tratamentos foram: T1 - controle; T2 - tiamina em concentração de 200 mg L-1; T3 - niacina em concentração de 200 mg L-1; T4 - tiamina e niacina combinadas, em concentração de 100 mg L-1 de cada vitamina. Cada parcela experimental foi constituída por um vaso, contendo uma muda de alface. A aplicação conjunta de tiamina e niacina elevou as trocas gasosas das plantas de alface, aumentando em cerca de 30% a massa fresca, em relação ao controle, para ambas as cultivares, seguida pela aplicação isolada de niacina. Para a tiamina, a aplicação de forma isolada não resultou em alterações significativas. As vitaminas afetam a morfofisiologia da alface, onde o uso da niacina tem potencial para uso em sistemas de produção hidropônicos, sendo esse potencial aumentado pelo seu uso conjunto com a tiamina, verificando-se um efeito sinérgico entre os compostos. Palavras-chave: Lactuca sativa L., bioestimulante, trocas gasosas, cultivo sem solo
650 _aALFACE
650 _aREGULADOR DE CRESCIMENTO
650 _aCULTIVO HIDROPÔNICO
650 _aTROCA GASOSA
650 _aFISIOLOGIA VEGETAL
773 0 _03534
_9317837
_dCampina Grande-PB Universidade Federal de Campina Grande. Centro de Ciências e Tecnologia 1997
_o2024-4556
_tRevista Brasileira de Engenharia Agrícola e Ambiental (Brazil)
_x1415-4366
_gv. 27 (9) p. 698-703; (2023)
_wBR2025003449
856 _uhttps://www.scielo.br/j/rbeaa/a/GYQL6Yhc35zRpSgFVFJrQPG/?format=pdf&lang=en
942 _cANA
999 _c337350
_d337350